The Michaels book of arts & crafts (Record no. 405716)

MARC details
000 -LEADER
fixed length control field 00279nam a2200097Ia 4500
082 ## - DEWEY DECIMAL CLASSIFICATION NUMBER
Classification number 745.5 MICH
008 - FIXED-LENGTH DATA ELEMENTS--GENERAL INFORMATION
fixed length control field 210817s9999 xx 000 0 und d
100 ## - MAIN ENTRY--PERSONAL NAME
Personal name Cusick, Dawn New York, 2003 1st ed
9 (RLIN) 68104
245 #0 - TITLE STATEMENT
Title The Michaels book of arts & crafts
942 ## - ADDED ENTRY ELEMENTS
item type Books

No items available.